000 00391nam a2200145 i 4500
001 bg
100 1 _aNOWICKI, A.
245 0 _aKodeks pracy. Przepisy wykonawcze i związkowe :
_bkomentarz i orzecznictwo.
_nT.1 /
_cA. Nowicki, E. Wicher.
260 _aKoszalin,
_c1989.
700 1 _aWICHER, E.
040 _cBPK
041 _apol
942 _cKS
008 s pl f |000 0 pol
999 _c5254
_d5254
856 _uhttp://koha.tu.koszalin.pl/cgi-bin/koha/opac-detail.pl?biblionumber=5254
_yKatalog online BPK